[Event "NCA-chT final"]
[Site "Managua"]
[Date "2017.10.29"]
[Round "5.3"]
[White "Murillo, Bryan"]
[Black "Torres, Juan Carlos1111"]
[Result "1/2-1/2"]
[WhiteElo "1930"]
[BlackElo "1979"]
[PlyCount "75"]
[EventDate "2017.10.21"]
[EventType "team-tourn"]
[EventRounds "9"]
[EventCountry "NCA"]
[SourceTitle "CBM 181 Extra"]
[Source "ChessBase"]
[SourceDate "2017.12.12"]
[SourceVersion "1"]
[SourceVersionDate "2017.12.12"]
[SourceQuality "1"]

1. e4 e6 2. d4 d5 3. Nc3 Nf6 4. Bg5 Be7 5. e5 Nfd7 6. Bxe7 Qxe7 7. Nb5 Na6 8. c3 0-0 9. f4 f6 10. Qg4 fxe5 11. fxe5 Qf7 12. Nf3 Qf4 13. Qxf4 Rxf4 14. Ng5 Nb6 15. Be2 Bd7 16. Na3 c5 17. g3 Rf5 18. Nh3 c4 19. Bg4 Rff8 20. Nc2 Nc7 21. Ne3 Na4 22. 0-0-0 b5 23. Nf4 Nb6 24. Rdf1 a5 25. Nh3 Rxf1+ 26. Rxf1 Rf8 27. Rxf8+ Kxf8 28. Ng2 b4 29. Ngf4 Ke7 30. Ng5 h6 31. Ng6+ Ke8 32. Nh3 Na4 33. cxb4 axb4 34. Nhf4 Kf7 35. Nh8+ Kg8 36. Nhg6 Kf7 37. Nh8+ Kg8 38. Nhg6 1/2-1/2

[Event "Managua Hurtado Memorial 16th"]
[Site "Managua"]
[Date "2016.12.28"]
[Round "4"]
[White "Murillo, Bryan"]
[Black "Cornejo Pena, Oscar Mauricio"]
[Result "1-0"]
[WhiteElo "1976"]
[BlackElo "1826"]
[PlyCount "79"]
[EventDate "2016.12.26"]
[EventType "swiss"]
[EventRounds "9"]
[EventCountry "NCA"]
[SourceTitle "CBM 176 Extra"]
[Source "ChessBase"]
[SourceDate "2017.03.02"]
[SourceVersion "1"]
[SourceVersionDate "2017.03.02"]
[SourceQuality "1"]

1. e4 c6 2. d4 d5 3. exd5 cxd5 4. Bd3 Nc6 5. c3 h6 6. Ne2 Nf6 7. 0-0 e6 8. Nd2 Bd6 9. f4 Ng4 10. Nf3 f5 11. Ne5 Ncxe5 12. fxe5 Bc7 13. h3 Nxe5 14. dxe5 Bxe5 15. Nf4 Bxf4 16. Qh5+ Ke7 17. Bxf4 g5 18. Be5 Qe8 19. Qxe8+ Rxe8 20. g4 f4 21. Kf2 Bd7 22. h4 a5 23. hxg5 hxg5 24. Rh1 b5 25. Rh7+ Kd8 26. Rxd7+ Kxd7 27. Bxb5+ Ke7 28. Bxe8 Kxe8 29. Rh1 Kf7 30. Rh8 Ra6 31. Rh7+ Kg6 32. Rg7+ Kh6 33. Rd7 Rb6 34. b3 Kg6 35. Rd6 Rxd6 36. Bxd6 Kf6 37. Bc7 e5 38. Bxa5 e4 39. Bd8+ Ke5 40. Bxg5 1-0

[Event "NCA-ch U20"]
[Site "Managua"]
[Date "2016.07.02"]
[Round "4"]
[White "Salazar Cabezas, Alberto Javier"]
[Black "Murillo, Bryan"]
[Result "1-0"]
[WhiteElo "1869"]
[BlackElo "1996"]
[PlyCount "25"]
[EventDate "2016.06.25"]
[EventType "swiss"]
[EventRounds "9"]
[EventCountry "NCA"]
[SourceTitle "EXT 2018"]
[Source "ChessBase"]
[SourceDate "2017.10.13"]
[SourceVersion "1"]
[SourceVersionDate "2017.10.13"]
[SourceQuality "1"]

1. e4 Nc6 2. Nf3 g6 3. d4 Bg7 4. Nc3 d6 5. Be2 Bg4 6. Be3 Nf6 7. h3 Bd7 8. Qd2 e5 9. dxe5 Nxe5 10. Nxe5 Nxe4 11. Nxe4 dxe5 12. 0-0-0 b6 13. Bg5 1-0

[Event "NCA-ch U20"]
[Site "Managua"]
[Date "2016.06.26"]
[Round "3"]
[White "Murillo, Bryan"]
[Black "Mora Zuniga, Greyvin Josue"]
[Result "1-0"]
[WhiteElo "1996"]
[BlackElo "1534"]
[PlyCount "63"]
[EventDate "2016.06.25"]
[EventType "swiss"]
[EventRounds "9"]
[EventCountry "NCA"]
[SourceTitle "EXT 2018"]
[Source "ChessBase"]
[SourceDate "2017.10.13"]
[SourceVersion "1"]
[SourceVersionDate "2017.10.13"]
[SourceQuality "1"]

1. e4 e5 2. Nc3 Nf6 3. Bc4 Bc5 4. f4 d6 5. f5 Nc6 6. Nf3 0-0 7. d3 h6 8. a3 a6 9. Bd2 b5 10. Ba2 Ne7 11. Qe2 d5 12. Nxe5 Nxf5 13. exf5 Bxf5 14. Qf3 Re8 15. Qxf5 Qd6 16. 0-0-0 Rxe5 17. Qf3 Ree8 18. Nxd5 c6 19. Nxf6+ Qxf6 20. Qxf6 gxf6 21. Bxh6 Be3+ 22. Bxe3 Rxe3 23. Rde1 Re5 24. Rhf1 Rxe1+ 25. Rxe1 Kg7 26. Re7 Rf8 27. Kd2 Kg6 28. Ke3 f5 29. Kf4 Kf6 30. Rxf7+ Rxf7 31. Bxf7 Kxf7 32. Kxf5 1-0

[Event "NCA-chT"]
[Site "Managua"]
[Date "2015.11.21"]
[Round "4.2"]
[White "Picado, Jorge Luis"]
[Black "Murillo, Bryan"]
[Result "1/2-1/2"]
[WhiteElo "2211"]
[BlackElo "2000"]
[PlyCount "97"]
[EventDate "2015.11.14"]
[EventType "team-tourn"]
[EventRounds "9"]
[EventCountry "NCA"]
[SourceTitle "EXT 2018"]
[Source "ChessBase"]
[SourceDate "2017.10.13"]
[SourceVersion "1"]
[SourceVersionDate "2017.10.13"]
[SourceQuality "1"]
[WhiteTeam "St Augustine School"]
[BlackTeam "Bravos Farem Carazo"]
[WhiteTeamCountry "NCA"]
[BlackTeamCountry "NCA"]

1. c4 c5 2. Nc3 Nc6 3. g3 g6 4. Bg2 Bg7 5. Nf3 Nf6 6. 0-0 0-0 7. e4 e5 8. d3 d6 9. h3 h6 10. Be3 Be6 11. Qd2 Kh7 12. Nh2 Qd7 13. g4 g5 14. Ne2 Ne7 15. b4 b6 16. Ng3 Ng6 17. a4 Rfd8 18. Rfb1 Rab8 19. b5 Nf4 20. a5 h5 21. f3 h4 22. Ne2 Ne8 23. Nc3 Nc7 24. Bf1 Ra8 25. Ra3 Qe7 26. Rba1 Rdb8 27. axb6 axb6 28. Ra7 Qd8 29. Kf2 Qc8 30. R1a4 Rb7 31. Rxa8 Nxa8 32. Qa2 Nc7 33. Ra7 Qb8 34. Rxb7 Qxb7 35. Ke1 Bf6 36. Kd2 Kg7 37. Kc2 Kf8 38. Qa3 Ke8 39. Bc1 Qa8 40. Qxa8+ Nxa8 41. Bb2 Bd8 42. Ne2 Nxe2 43. Bxe2 Kd7 44. Nf1 Nc7 45. Ne3 Ne8 46. Bc3 Nf6 47. Kd2 Nh7 48. Bd1 Nf8 49. Ng2 1/2-1/2

[Event "NCA-chT"]
[Site "Managua"]
[Date "2015.11.14"]
[Round "1.2"]
[White "David, Alarcon"]
[Black "Murillo, Bryan"]
[Result "1-0"]
[WhiteElo "2082"]
[BlackElo "2000"]
[PlyCount "61"]
[EventDate "2015.11.14"]
[EventType "team-tourn"]
[EventRounds "9"]
[EventCountry "NCA"]
[SourceTitle "EXT 2018"]
[Source "ChessBase"]
[SourceDate "2017.10.13"]
[SourceVersion "1"]
[SourceVersionDate "2017.10.13"]
[SourceQuality "1"]
[WhiteTeam "Joaquin Hurtado"]
[BlackTeam "Bravos Farem Carazo"]
[WhiteTeamCountry "NCA"]
[BlackTeamCountry "NCA"]

1. e4 c5 2. Nf3 d6 3. d4 cxd4 4. Nxd4 Nf6 5. Nc3 a6 6. Be2 e6 7. Be3 Be7 8. 0-0 0-0 9. f4 Qc7 10. Bf3 Nbd7 11. g4 Nc5 12. g5 Ne8 13. h4 b5 14. h5 Bb7 15. a3 Rc8 16. Rf2 Qb8 17. f5 Nc7 18. Bg2 Rfe8 19. f6 Bf8 20. g6 gxf6 21. gxh7+ Kxh7 22. Rxf6 Bg7 23. Rxf7 Rf8 24. Qf3 Kg8 25. Rf1 Rxf7 26. Qxf7+ Kh8 27. Qe7 Bf8 28. Qg5 e5 29. Rf7 Re8 30. Qf6+ Kg8 31. Qg6+ 1-0